| 000 | 00693nam a2200205Ii 4500 | ||
|---|---|---|---|
| 003 | JO-AjNU | ||
| 008 | 230605s9999||||xx |||||||||||||| ||und|| | ||
| 040 |
_aJO-AjNU _bara _erda _cJO-AjNU |
||
| 041 | _aara | ||
| 050 | 1 | 4 | _aBF200.F73.1976 |
| 100 | 3 |
_aفرويد، سيجموند؛ ترجمة ضاهر،فارس, _eauthor _938192 |
|
| 245 | 0 | 0 | _aنظرة عامة في السيكولوجيا العلمية |
| 250 | _aط1 | ||
| 264 | 3 | 1 | _aبيروت:دار القلم ،1976 |
| 300 | _a184ص | ||
| 336 |
_atext _btxt _2rdacontent |
||
| 337 |
_aunmediated _bn _2rdamedia |
||
| 338 |
_avolume _bnc _2rdacarrier |
||
| 650 | 4 |
_aالتحليل النفسي-الامراض النفسية _938193 |
|
| 999 |
_aA16025 _c19593 _d19593 |
||